000 00272nam a22001097a 4500
082 _a030 CHA'I
100 _aINTERNATIONAL
_910242
245 _aCHAMBER'S ENCYCLOPEDIA VOLUME - IX MALAYE - NEWYORK
260 _aLONDON
_bINTERNATIONAL
_c1973
300 _a840P
942 _cBK
999 _c583290
_d583290